000 00761nam a2200229 i 4500
001 113020
003 ES-MaACL
005 20250814015823.0
007 t|
008 061121s1975 sp r ||||1| spa d
080 _a58
100 1 _aNultsch, Wilhelm.
_986132
245 1 0 _aBotánica general :
_bmanual para médicos y naturalistas /
_cWilhelm Nultsch ; traducido del alemán por Emma Gifre.
260 _aBarcelona :
_bOmega,
_c1975.
300 _aXI, 417 p. :
_bil. ;
_c19 cm.
490 1 _aManuales flexibles de ciencias biológicas
650 7 _aBotánica
_2embne
_910610
700 1 _aGifre de Martinell, Emma.
_956703
830 1 _aManuales flexibles de ciencias biológicas
_9186730
852 4 _aES-MaACL
_jL-6613
999 _c113020
_d113020